00261nam a2200109Ia 4500008004100000041000800041100001700049245003000066260003900096300000800135365000800143231011s9999 xx 000 0 und d aeng aRathore P.S. adiscover the Power within bSterling Pub Ltd ,NewDelhi -c2009 a206 b182